<?xml version="1.0" encoding="UTF-8"?>
<record
    xmlns:xsi="http://www.w3.org/2001/XMLSchema-instance"
    xsi:schemaLocation="http://www.loc.gov/MARC21/slim http://www.loc.gov/standards/marcxml/schema/MARC21slim.xsd"
    xmlns="http://www.loc.gov/MARC21/slim">

  <leader>01733nam0a22003491  4500</leader>
  <controlfield tag="001">rc\4358476</controlfield>
  <controlfield tag="005">20260405193404.0</controlfield>
  <datafield tag="021" ind1=" " ind2=" ">
    <subfield code="a">RU</subfield>
    <subfield code="b">[59-31362&#x436;]</subfield>
  </datafield>
  <datafield tag="035" ind1=" " ind2=" ">
    <subfield code="a">(NLR Aleph) 008533437</subfield>
  </datafield>
  <datafield tag="090" ind1=" " ind2=" ">
    <subfield code="a">8302164</subfield>
    <subfield code="c">8302164</subfield>
  </datafield>
  <datafield tag="100" ind1=" " ind2=" ">
    <subfield code="a">20130416d1959    |||y0rusy50      ca</subfield>
  </datafield>
  <datafield tag="101" ind1="0" ind2=" ">
    <subfield code="a">rus</subfield>
  </datafield>
  <datafield tag="102" ind1=" " ind2=" ">
    <subfield code="a">RU</subfield>
  </datafield>
  <datafield tag="105" ind1=" " ind2=" ">
    <subfield code="a">ab  z   |||||</subfield>
  </datafield>
  <datafield tag="200" ind1="1" ind2=" ">
    <subfield code="a">&#x413;&#x435;&#x43E;&#x433;&#x440;&#x430;&#x444;&#x438;&#x447;&#x435;&#x441;&#x43A;&#x430;&#x44F; &#x445;&#x430;&#x440;&#x430;&#x43A;&#x442;&#x435;&#x440;&#x438;&#x441;&#x442;&#x438;&#x43A;&#x430; &#x411;&#x435;&#x440;&#x438;&#x43D;&#x433;&#x43E;&#x432;&#x430; &#x43C;&#x43E;&#x440;&#x44F;</subfield>
    <subfield code="e">&#x420;&#x435;&#x43B;&#x44C;&#x435;&#x444; &#x434;&#x43D;&#x430; &#x438; &#x434;&#x43E;&#x43D;&#x43D;&#x44B;&#x435; &#x43E;&#x442;&#x43B;&#x43E;&#x436;&#x435;&#x43D;&#x438;&#x44F;</subfield>
    <subfield code="f">[&#x41E;&#x442;&#x432;. &#x440;&#x435;&#x434;. &#x434;-&#x440; &#x433;&#x435;&#x43E;&#x43B;.-&#x43C;&#x438;&#x43D;. &#x43D;&#x430;&#x443;&#x43A; &#x41F;.&#x41B;. &#x411;&#x435;&#x437;&#x440;&#x443;&#x43A;&#x43E;&#x432;]</subfield>
  </datafield>
  <datafield tag="210" ind1=" " ind2=" ">
    <subfield code="a">&#x41C;&#x43E;&#x441;&#x43A;&#x432;&#x430;</subfield>
    <subfield code="c">&#x418;&#x437;&#x434;-&#x432;&#x43E; &#x410;&#x43A;&#x430;&#x434;. &#x43D;&#x430;&#x443;&#x43A;</subfield>
    <subfield code="d">1959</subfield>
  </datafield>
  <datafield tag="215" ind1=" " ind2=" ">
    <subfield code="a">188 &#x441;., 4 &#x43B;. &#x447;&#x435;&#x440;&#x442;. &#x438; &#x43A;&#x430;&#x440;&#x442;., 1 &#x43E;&#x442;&#x434;. &#x43B;. &#x43A;&#x430;&#x440;&#x442;.</subfield>
    <subfield code="c">&#x447;&#x435;&#x440;&#x442;., &#x43A;&#x430;&#x440;&#x442;.</subfield>
    <subfield code="d">26</subfield>
  </datafield>
  <datafield tag="225" ind1="1" ind2=" ">
    <subfield code="a">&#x410;&#x43A;&#x430;&#x434;&#x435;&#x43C;&#x438;&#x44F; &#x43D;&#x430;&#x443;&#x43A; &#x421;&#x421;&#x421;&#x420;. &#x422;&#x440;&#x443;&#x434;&#x44B; &#x418;&#x43D;&#x441;&#x442;&#x438;&#x442;&#x443;&#x442;&#x430; &#x43E;&#x43A;&#x435;&#x430;&#x43D;&#x43E;&#x43B;&#x43E;&#x433;&#x438;&#x438;</subfield>
    <subfield code="v">&#x422;. 29</subfield>
  </datafield>
  <datafield tag="300" ind1=" " ind2=" ">
    <subfield code="a">&#x410;&#x432;&#x442;. &#x440;&#x430;&#x437;&#x434;&#x435;&#x43B;&#x43E;&#x432;: &#x434;-&#x440; &#x433;&#x435;&#x43E;&#x433;&#x440;. &#x43D;&#x430;&#x443;&#x43A; &#x43F;&#x440;&#x43E;&#x444;. &#x410;.&#x414;. &#x414;&#x43E;&#x431;&#x440;&#x43E;&#x432;&#x43E;&#x43B;&#x44C;&#x441;&#x43A;&#x438;&#x439;, &#x43A;&#x430;&#x43D;&#x434;&#x438;&#x434;&#x430;&#x442;&#x44B; &#x433;&#x435;&#x43E;&#x433;&#x440;. &#x43D;&#x430;&#x443;&#x43A; &#x410;.&#x421;. &#x418;&#x43E;&#x43D;&#x438;&#x43D;, &#x413;.&#x411;. &#x423;&#x434;&#x438;&#x43D;&#x446;&#x435;&#x432; &#x438; &#x434;&#x440;.</subfield>
  </datafield>
  <datafield tag="320" ind1=" " ind2=" ">
    <subfield code="a">&#x411;&#x438;&#x431;&#x43B;&#x438;&#x43E;&#x433;&#x440;.: &#x441;. 184-187</subfield>
  </datafield>
  <datafield tag="607" ind1=" " ind2=" ">
    <subfield code="a">&#x411;&#x435;&#x440;&#x438;&#x43D;&#x433;&#x43E;&#x432;&#x43E; &#x43C;&#x43E;&#x440;&#x435;</subfield>
    <subfield code="x">&#x420;&#x435;&#x43B;&#x44C;&#x435;&#x444; &#x434;&#x43D;&#x430;</subfield>
    <subfield code="2">psbo</subfield>
  </datafield>
  <datafield tag="607" ind1=" " ind2=" ">
    <subfield code="a">&#x411;&#x435;&#x440;&#x438;&#x43D;&#x433;&#x43E;&#x432;&#x43E; &#x43C;&#x43E;&#x440;&#x435;</subfield>
    <subfield code="x">&#x414;&#x43E;&#x43D;&#x43D;&#x44B;&#x435; &#x43E;&#x442;&#x43B;&#x43E;&#x436;&#x435;&#x43D;&#x438;&#x44F;</subfield>
    <subfield code="2">psbo</subfield>
  </datafield>
  <datafield tag="701" ind1=" " ind2="1">
    <subfield code="a">&#x414;&#x43E;&#x431;&#x440;&#x43E;&#x432;&#x43E;&#x43B;&#x44C;&#x441;&#x43A;&#x438;&#x439;</subfield>
    <subfield code="b">&#x410;.&#x414;.</subfield>
  </datafield>
  <datafield tag="701" ind1=" " ind2="1">
    <subfield code="a">&#x418;&#x43E;&#x43D;&#x438;&#x43D;</subfield>
    <subfield code="b">&#x410;.&#x421;.</subfield>
  </datafield>
  <datafield tag="701" ind1=" " ind2="1">
    <subfield code="8">rus</subfield>
    <subfield code="7">ca</subfield>
    <subfield code="a">&#x423;&#x434;&#x438;&#x43D;&#x446;&#x435;&#x432;</subfield>
    <subfield code="b">&#x413;. &#x412;.</subfield>
    <subfield code="f">1923-2017</subfield>
    <subfield code="g">&#x413;&#x43B;&#x435;&#x431; &#x411;&#x43E;&#x440;&#x438;&#x441;&#x43E;&#x432;&#x438;&#x447;</subfield>
    <subfield code="3">RU\NLR\AUTH\7785191</subfield>
    <subfield code="9">68119</subfield>
  </datafield>
  <datafield tag="702" ind1=" " ind2="1">
    <subfield code="4">340</subfield>
    <subfield code="7">ca</subfield>
    <subfield code="8">rus</subfield>
    <subfield code="a">&#x411;&#x435;&#x437;&#x440;&#x443;&#x43A;&#x43E;&#x432;</subfield>
    <subfield code="b">&#x41F;. &#x41B;.</subfield>
    <subfield code="f">1909-1981</subfield>
    <subfield code="g">&#x41F;&#x430;&#x43D;&#x442;&#x435;&#x43B;&#x435;&#x439;&#x43C;&#x43E;&#x43D; &#x41B;&#x435;&#x43E;&#x43D;&#x438;&#x434;&#x43E;&#x432;&#x438;&#x447;</subfield>
    <subfield code="9">193709</subfield>
    <subfield code="3">RU\NLR\AUTH\770193760</subfield>
  </datafield>
  <datafield tag="801" ind1=" " ind2="0">
    <subfield code="a">RU</subfield>
    <subfield code="b">NLR</subfield>
    <subfield code="g">psbo</subfield>
  </datafield>
  <datafield tag="801" ind1=" " ind2="1">
    <subfield code="a">RU</subfield>
    <subfield code="b">ELAR</subfield>
    <subfield code="2">rusmarc</subfield>
  </datafield>
  <datafield tag="852" ind1=" " ind2=" ">
    <subfield code="a">NLR</subfield>
    <subfield code="j">&#x41F;7/296</subfield>
  </datafield>
  <datafield tag="942" ind1=" " ind2=" ">
    <subfield code="c">BOOK</subfield>
  </datafield>
  <datafield tag="980" ind1=" " ind2=" ">
    <subfield code="a">NB</subfield>
  </datafield>
  <datafield tag="995" ind1=" " ind2=" ">
    <subfield code="5">2013-10-26</subfield>
    <subfield code="b">NLR01</subfield>
    <subfield code="c">NLR01</subfield>
    <subfield code="e">RJF</subfield>
    <subfield code="f">8533437-10</subfield>
    <subfield code="k">&#x41F;7/296</subfield>
    <subfield code="o">0</subfield>
    <subfield code="r">BOOK</subfield>
    <subfield code="s">7296_</subfield>
  </datafield>
</record>
